000
00323nam a2200133Ia 4500
008
151213s9999 xx 000 0 und d
100
_a
Tony Morrison
245
_a
The Bluest Eye
_c
Tony Morrison
260
_a
London
_b
Vintage
_c
1994
300
_a
3531 p.
650
_a
English
700
_a
Tony Morrison
999
_c
2338
_d
2338